| 000 | 01226nam a2200205Ia 4500 | ||
|---|---|---|---|
| 003 | Ost | ||
| 005 | 20260507075054.0 | ||
| 008 | 260507s9999||||xx |||||||||||||| ||und|| | ||
| 040 | _cfsecg | ||
| 041 | _aara | ||
| 082 | _a342 | ||
| 100 |
_aشيحا، ابراهيم عبد العزيز _eمؤلف |
||
| 245 | 0 |
_aالوسيط في مبادئ واحكام القانون الاداري / _c ابراهيم عبد العزيز شيحا |
|
| 260 |
_aالاسكندرية: _bدار المطبوعات الجامعية, _c1999 |
||
| 300 |
_a463 صفحة؛ _c24 سم |
||
| 490 | _aالمكتبة القانونية | ||
| 520 | _aتجد في هذا الكتاب : ماهية القانون الإداري وطبيعته ،التعريف بالقانون الإداري ذاتية القانون الإداري ،خصائص القانون الإداري ،مصادر القانون الإداري ،تنظيم الإدارة العامة ،المركزية الإدارية ومدى تطبيقاتها ،اللامركزية الإدارية ومدى تطبيقتها في مصر ،أموال الإدارة العامة وماهية المال العام | ||
| 653 | _aالقانون الإداري-مصر | ||
| 942 | _cكتاب | ||
| 999 |
_c42712 _d42712 |
||